スイッチバックのある駅 - Statistics

General Stats
  • This quiz has been taken 361 times
  • The average score is 8 of 24
Answer Stats
会社 駅名 備考 % Correct
JR北海道 遠軽
65%
JR東日本 姨捨
57%
大手私鉄 飯能 直通列車の設定は特急のみ。
56%
JR四国 坪尻
53%
JR九州 大畑 豪雨により運休中。
52%
大手私鉄
47%
JR東日本 十和田南
45%
JR西日本 出雲坂根
45%
JR四国 新改
45%
JR九州 真幸 豪雨により運休中。
40%
大手私鉄 藤沢
37%
JR九州 立野
36%
3セク 二本木
33%
JR東日本 会津若松 定期直通列車の設定なし。
28%
中小私鉄 大平台
28%
JR九州 早岐
27%
大手私鉄 新可児 直通列車の設定なし。
24%
中小私鉄 上市
24%
中小私鉄 一畑口
24%
JR東日本 塩尻 直通列車の設定なし。
22%
大手私鉄 知立 ダイヤ上の直通列車の設定なし。
19%
3セク 伊万里 直通列車の設定なし。
15%
中小私鉄 大垣 直通列車の設定なし。
13%
中小私鉄 鐘釣 停車場形スイッチバックの駅。
5%
No matching quizzes found
Score Distribution
Percent of People with Each Score
Percentile by Number Answered
Your Score History
You have not taken this quiz